AB INITIO исследование электронных состояний астрофизических молекул; Известия вузов. Физика; Т. 59, № 4

Bibliografiset tiedot
Parent link:Известия вузов. Физика: научный журнал/ Национальный исследовательский Томский государственный университет (ТГУ).— , 1957-
Т. 59, № 4.— 2016.— [С. 65-71]
Yhteisötekijä: Национальный исследовательский Томский политехнический университет Институт физики высоких технологий Кафедра общей химии и химической технологии
Muut tekijät: Валиев Р. Р. Рашид Ринатович, Бережной А. А., Чернов В. Е., Минаев Б. Ф., Черепанов В. Н.
Yhteenveto:Заглавие с экрана
Проведено исследование электронных состояний молекул LiO, NaO, KO, MgO и CaO. Построены кривые потенциальной энергии исследованных молекул в рамках метода XMC-QDPT2. Оценены времена жизни и эффективности механизмов фотолиза этих монооксидов в рамках аналитической модели фотолиза. Полученные результаты показывают, что оксиды рассматриваемых элементов в экзосферах Луны и Меркурия разрушаются солнечными фотонами уже во время первого баллистического полета.
Режим доступа: по договору с организацией-держателем ресурса
Kieli:venäjä
Julkaistu: 2016
Aiheet:
Linkit:http://elibrary.ru/item.asp?id=25963195
Aineistotyyppi: Elektroninen Kirjan osa
KOHA link:https://koha.lib.tpu.ru/cgi-bin/koha/opac-detail.pl?biblionumber=648726

MARC

LEADER 00000naa0a2200000 4500
001 648726
005 20250225092940.0
035 |a (RuTPU)RU\TPU\network\13885 
090 |a 648726 
100 |a 20160601d2016 k||y0rusy50 ca 
101 0 |a rus 
102 |a RU 
135 |a arcn ---uucaa 
181 0 |a i  
182 0 |a b 
200 1 |a AB INITIO исследование электронных состояний астрофизических молекул  |f Р. Р. Валиев [и др.] 
203 |a Текст  |c электронный 
300 |a Заглавие с экрана 
320 |a [Библиогр.: 40 назв.] 
330 |a Проведено исследование электронных состояний молекул LiO, NaO, KO, MgO и CaO. Построены кривые потенциальной энергии исследованных молекул в рамках метода XMC-QDPT2. Оценены времена жизни и эффективности механизмов фотолиза этих монооксидов в рамках аналитической модели фотолиза. Полученные результаты показывают, что оксиды рассматриваемых элементов в экзосферах Луны и Меркурия разрушаются солнечными фотонами уже во время первого баллистического полета. 
333 |a Режим доступа: по договору с организацией-держателем ресурса 
461 |t Известия вузов. Физика  |o научный журнал  |f Национальный исследовательский Томский государственный университет (ТГУ)  |d 1957- 
463 |t Т. 59, № 4  |v [С. 65-71]  |d 2016 
610 1 |a труды учёных ТПУ 
610 1 |a электронный ресурс 
610 1 |a фотолиз 
610 1 |a сечения 
610 1 |a реакция 
610 1 |a астрофизические исследования 
610 1 |a астрохимия 
701 1 |a Валиев  |b Р. Р.  |c химик  |c ассистент кафедры Томского политехнического университета  |f 1983-  |g Рашид Ринатович  |3 (RuTPU)RU\TPU\pers\32258  |9 16247 
701 1 |a Бережной  |b А. А. 
701 1 |a Чернов  |b В. Е. 
701 1 |a Минаев  |b Б. Ф. 
701 1 |a Черепанов  |b В. Н. 
712 0 2 |a Национальный исследовательский Томский политехнический университет  |b Институт физики высоких технологий  |b Кафедра общей химии и химической технологии  |3 (RuTPU)RU\TPU\col\21253  |9 27944 
801 2 |a RU  |b 63413507  |c 20160601  |g RCR 
856 4 0 |u http://elibrary.ru/item.asp?id=25963195 
942 |c CF